000 00834cam a2200217 i 4500
005 20260203114218.0
008 250721s9999 jo gr 000 0 ara d
020 _a9957110993
082 1 4 _a371.926
_b ع ب د
100 1 _aعبدالهادي، نبيل
_eمؤلف.
245 1 0 _aبطء التعلم وصعوباته /
_cالدكتور نبيل عبد الهادي، الدكتور عمر نصرالله، الأستاذ سمير شقير.
250 _aالطبعة الأولى.
264 3 1 _aعمان :
_bدار وائل للطباعة والنشر،
_c2000.
300 _a300 صفحة.
650 1 7 _aبطء التعلم.
650 1 7 _aالتربية الخاصة.
700 1 _aنصرالله،عمر
_eمؤلف.
700 1 _aشقير،سمير
_eمؤلف.
942 _2ddc
_cBK
999 _c81866
_d81866